000 00361 a2200157 4500
001 14203
020 _a9788516085285
040 _cAnchieta - Aquarius
100 _aGribel, Chistiane
240 1 0 _a=Cínthia Holmes & Watson
_lpor
245 1 0 _a=Cínthia Holmes & Watson
300 _a91p.
362 0 _a2015
650 4 _aLiteratura brasileira
942 _cBK
999 _c14203
_d14203